00897nam a2200181 a 450000100100000000500170001000800410002704000250006808200150009311001420010824500690025026001110031930000270043004900090045795201130046695201190057999900170069800002959720200930055650.0110404s1985 dr a 000 0 spa d aDO-SdBNPbspacBNPHU axxxxbR4261 aRepública Dominicana .bSecretaría de estado de Obras Públicas y Comunicaciones,bDirección General Reglamentos y Sistemas95486510aReglamento para dibujos de planos en proyectos de edificaciones. aSanto Domingo :bSecretaría de estado de Obras Públicas y Comunicaciones,c1985.fEditora Alfa y Omega a42 p. :bil. ;c28 cm. aBNPD 0010718PDaPDbPDcCTd2011-04-19iLF1l0oxxxx R426p29597-10r2020-06-25w2020-06-25yLFPDZNo se presta 0010718PDaPDbPDcCTd2011-05-05iLF1l0oxxxx R426p29597-20r2020-06-25te. 2w2020-06-25yLFPDZNo se presta c29089d29089